[Event "Baden-ch U1400"]
[Site "Walldorf"]
[Date "2017.07.28"]
[Round "4"]
[White "Gan, Lukas Wentao"]
[Black "Sauter, Yannick"]
[Result "0-1"]
[WhiteElo "1099"]
[BlackElo "1130"]
[PlyCount "78"]
[EventDate "2017.07.26"]
[EventType "swiss"]
[EventRounds "7"]
[EventCountry "GER"]
[SourceTitle "EXT 2018"]
[Source "ChessBase"]
[SourceDate "2017.10.13"]
[SourceVersion "1"]
[SourceVersionDate "2017.10.13"]
[SourceQuality "1"]

1. e4 e5 2. Nf3 d6 3. h3 Nf6 4. Nc3 b6 5. Bc4 Be7 6. d3 Bb7 7. Bg5 Nbd7 8. 0-0 h6 9. Bh4 Nxe4 10. dxe4 Bxh4 11. Nxh4 Qxh4 12. Qf3 Nf6 13. a3 Rf8 14. Rfe1 Nh5 15. Re3 Qg5 16. Ne2 f5 17. Rc3 Bxe4 18. Bd5 Bxf3 19. Bxf3 Rc8 20. Bxh5+ Qxh5 21. Kf1 g5 22. Re1 c5 23. Rd3 Rd8 24. Rd5 Qf7 25. Rd3 e4 26. Re3 f4 27. Rxe4+ Kd7 28. Nc3 Rde8 29. Nd5 Qxd5 30. Rxe8 Rxe8 31. Rc1 f3 32. gxf3 Qxf3 33. Kg1 Re2 34. Rf1 Rxc2 35. b3 Qxh3 36. b4 g4 37. bxc5 g3 38. c6+ Kc7 39. fxg3 Qh2# 0-1